Responses for show #5142 - Tuesday, January 9, 2007

Contestants

[<< previous game]

Nathan Crane, an auditorium manager from Gilbert, Arizona

Michael Driscoll, a physician from Cherry Hill, New Jersey

Chris Renz, a realtor and substitute teacher from Ligonier, Pennsylvania (whose 1-day cash winnings total $24,700)

[next game >>]

Jeopardy! Round responses

PSYCHOLOGY
SPORTS FRANCHISE RHYME TIME
AN IRISH PUB QUIZ
HAWAII
HIT THE JIM
FEEL THE "BURN"
    $200 26
(Nathan: What is good and evil?)
...
(Alex: [*]--we're talking legal here.)

right and wrong

MichaelNathan
    $200 2
Saints' paints

Michael
    $200 12
mutton (or lamb)

Chris
    $200 1
Aloha

Michael
    $200 7
(Alex: Correct. He didn't feel too good about it, either. Hurt 'im.)

Eisenhower

Michael
    $200 21
sideburns

Michael
    $400 27
depression

Michael
    $400 3
Yankees' hankies

Michael
    $400 13
St. Patrick's Day

Nathan
    $400 17
the outrigger

Chris
    $400 8
Texas

Michael
    $400 22
heartburn

Nathan
    $3,400 28
grandeur

Michael
    $600 4
Lakers' acres

Nathan
    $600 14
Guinness

Michael
    $600 18
Maui

Michael
    $600 9
Jim Bakker

Michael
    $600 23
Auburn

Chris
    $800 29
dyslexia

Michael
    $800 5
Oilers' spoilers

Michael
    $800 15
Kathleen

Michael
    $800 19
(Michael: What is Mauna Loa?)
(Nathan: What is Mauna Kea?)

Kilauea

MichaelNathan
Triple Stumper
    $800 10
Catfish

Nathan
    $800 24
Rayburn

Michael
    $1000 30
permissive

Nathan
    $1000 6
Cubs' grubs

Nathan
    $1000 16
the Easter Uprising

Michael
    $1000 20
Waimea

Chris
    $1000 11
Jim Lehrer

Michael
    $1000 25
Van Cliburn

Michael

Scores at the first commercial break (after clue 15):

Chris Michael Nathan
$200 $5,200 $2,800

Scores at the end of the Jeopardy! Round:

Chris Michael Nathan
$2,200 $12,800 $3,200

Double Jeopardy! Round responses

LETTERS
OSCAR-WINNING ROLES
(Alex: You have to name the actor for us.)
TO TELL THE TRUCE
A GREAT PAIR
A WORLD OF MUSIC
6-LETTER WORDS
    $400 2
Napoleon

Chris
    $400 1
Jodie Foster

Michael
    $400 23
(Michael: What was the Boer War?)

Spanish-American War

Michael
Triple Stumper
    $400 19
Baskin-Robbins

Nathan
    $400 14
Germany

Nathan
    $400 9
(Nathan: What is three?)

thrice

MichaelNathan
    $800 3
Paul

Michael
    $800 7
Rex Harrison

Chris
    $800 24
Hundred Years' War

Nathan
    $800 20
Scylla & Charybdis

Michael
    $800 15
Cats

Nathan
    $800 10
cipher

Michael
    $1200 4
(Emile) Zola

Nathan
    $1200 8
(Nathan: Who are Marlon Brando & Al Pacino?)

Marlon Brando & Robert De Niro

MichaelNathan
    $1200 25
(Michael: What is Panmunjeong?)
[Michael's response was initially ruled correct then was ruled incorrect before the Daily Double revealed in Clue 27.]

Panmunjeom

Michael
Triple Stumper
    $1200 21
(Nathan: Who are Sifl & Ollie?)
...
[When Alex says the correct response, he lisps the second character, presumably because the first character had a lisp.]

Beany & Cecil

Nathan
Triple Stumper
    $5,000 16
Switzerland

Nathan
    $1200 11
ginger

Michael
    $1600 5
George Bernard Shaw

Triple Stumper
    $1600 28
(Alex: In Cabaret, [*].)

Liza Minnelli

Triple Stumper
    $1600 26
(Chris: What is Ghent?)

Westphalia

Chris
Triple Stumper
    $1600 22
(Alex: And that very successful company is [*].)

Miramax

Triple Stumper
    $1600 17
marimba

Nathan
    $1600 12
vertex

Nathan
    $2000 6
84 Charing Cross Road

Chris
    $2000 29
(Alex: [*], in The Paper Chase.)
[Alex reads the correct response in an accent.]

John Houseman

Triple Stumper
    $2000 30
Ghent

Nathan
    $2,000 27
[$2400 is taken away from Michael's score prior to his DD wager because of the incorrect response to Clue 25.]

(Pierre & Marie) Curie

Michael
    $2000 18
pentatonic

Nathan
    $2000 13
ocular

Nathan

Scores at the end of the Double Jeopardy! Round:

Chris Michael Nathan
$3,800 $18,800 $18,200

[wagering suggestions for these scores]

Final Jeopardy! Round responses

THE 50 STATES
ChrisWhat is Pennsylvania?
$3,799
NathanWhat is New York?
$5,601
MichaelWhat is North Carolina?
$17,700
Georgia

Final scores:

Chris Michael Nathan
$1 $1,100 $12,599
3rd place: $1,000 2nd place: $2,000 New champion: $12,599

Game dynamics:

Coryat scores:

Chris Michael Nathan
$3,800 $16,000 $14,400
7 R,
1 W
27 R
(including 2 DDs),
3 W
17 R
(including 1 DD),
5 W

Combined Coryat: $34,200

The J! Archive is created by fans, for fans. The Jeopardy! game show and all elements thereof, including but not limited to copyright and trademark thereto, are the property of Jeopardy Productions, Inc. and are protected under law. This website is not affiliated with, sponsored by, or operated by Jeopardy Productions, Inc. Join the discussion at JBoard.tv.